Регионална библиотека "Любен Каравелов" - Русе

Избрани произведения (Запис номер 160618)

MARC детайли
000 -Лидер
Контролно поле с фиксирана дължина nam a22 a 4500
003 - Код на организацията, давaща контролен номер
Контролно поле BLK
005 - Дата и час на последна редакция
Контролно поле 20221104162615.0
008 - Елементи от данни с фиксирана дължина
fixed length control field 180410b bul|||||r ||||||| ||bul||
010 ## - Наследен системен номер
LC control number KNG00167899000
040 ## - Източник на каталожния запис
Идентификатор на билиотеката - собственик на записа BLK
041 ## - Код за език
Код за езика на текст/звукозапис или на отделно заглавие Български
Код за езика КДБФ Български
080 ## - УДК
Текстов определител УДК Марксизъм-ленинизъм. Научен комунизъм
УДК код - определител по УДК 141.82
УДК - код + определител 141.82
100 1# - Редна дума - Автор
Автор Маркс, Карл
Авторска отговорност първи автор
R(LIN) 365572
139 ## - Редно поле
Редна дума Маркс, Карл и др.
Авторски знак Марк - М 32
245 10 - Сведения за заглавието
Заглавие Избрани произведения
Подзаглавни данни В 10 т.
Редно поле (дума) Карл Маркс; съавт. Фридрих Енгелс; състав. Бернард Яков Мунтян.
Том Т. 1
257 ## - Страна на издаване
Страна на създаване/издаване България
260 ## - Област на издателските данни
Място на издаване, разпространение и проч. София
Име на издателя, разпространителя и проч. Партиздат
Година на издаване 1977 - 1978
300 ## - Физическа характеристика
Размери/Мащаб 21 см
380 ## - Жанр
Жанр Философия
650 #4 - Допълнително описание по предмет – тема
Основно описание – тема или топоним Научен комунизъм
9 (RLIN) 253121
653 ## - Ключова дума – ненормативна
Ключова дума научен комунизъм
700 1# - Други автори (авторска отговорност)
Лично име Енгелс, Фридрих
Автороска отговорност (Описва отношението между автора и произведението) съавт.
9 (RLIN) 374147
700 1# - Други автори (авторска отговорност)
Лично име Мунтян, Бернард Яков
Автороска отговорност (Описва отношението между автора и произведението) състав.
9 (RLIN) 99526
760 1# - Описание на основната серия
Редна дума на основното описание Маркс, Карл
Място на издаване, издател и година София, 1977
Страници - том 327 с. : с факс., 2 л. : портр.
Заглавие Т. 1
852 ## - Местоположение
Форматна сигнатура Цб 89514
Фондова буква Хранилище
856 4# - Електронен адрес и достъп
Електронен формат pdf - файл
Инструкция (цена за достъп) 0.00
Права за достъп disable
856 4# - Електронен адрес и достъп
Електронен формат pdf - файл
Инструкция (цена за достъп) 0.00
Права за достъп disable
999 ## - СИСТЕМНИ КОНТРОЛНИ НОМЕРА
Koha biblionumber 160618
Koha biblioitemnumber 160618
942 ## - АРТИКУЛИ
Вид на библиотечния материал Книги
Скрит в OPAC Не
Периодичен библиозапис Да
944 ## - СЪЗДАВАНЕ И РЕДАКЦИЯ на ЗАПИСА
Създаване/Редакция Създаване
Дата на регистрацията/редакция 27.11.2014
Статус, дата на статуса ф /
Служител, извършил регистрацията/редакцията Людмила_Стоянова
944 ## - СЪЗДАВАНЕ И РЕДАКЦИЯ на ЗАПИСА
Създаване/Редакция Редакция
Дата на регистрацията/редакция 27.11.2014
Статус, дата на статуса ф /
Служител, извършил регистрацията/редакцията Людмила_Стоянова
Наличности
Код за отписване Код за изгубен артикул Източник на класификационната схема Код за повреда Коз за рестрикции Код за отдаване Артикулен № Име на библиотеката - собственик Име на библиотеката, в която се намира в момента Статус (Текущо местоположение) Дата на вписване в системата Местоположение - отдел Цена в лева Инвентарен номер Систематично азбучна сигнатура Баркод Номер на екземпляра Цена в евро Служебна бележка Служебен тип на артикула
  Не е изгубен Universal Decimal Classification Не е повреден само за читалня ползва се в читалня 268541 Регионална библиотека "Любен Каравелов" Русе Регионална библиотека "Любен Каравелов" Русе Хранилище 1977-01-01 Хранилище 0.90 247303 Цб 89514 120000247303 1 0.46 Дост: Dp Вид: Д N: стар фонд Дата: 01.01.1977 Книги
Vip Innovations Ltd, Rousse, Bulgaria 2025